| 000 | 00624ntaaa2200205 4500 | ||
|---|---|---|---|
| 003 | 01 | ||
| 005 | 20251027202620.0 | ||
| 008 | 0714s1973 ag 01 | ||
| 040 |
_aAR-BaBN _bspa _cAR-BaBN _eaacr _dRIC |
||
| 082 | _a370.1500 P95p | ||
| 245 | _aPsychological backgrounds of adult education | ||
| 250 | _a1 ed. | ||
| 260 |
_aChicago : _bCentre for the Study of Liberal Education for Adults, _c1963 |
||
| 300 |
_avii, 148 p ; _cilu. : 23 cm |
||
| 500 | _aContiene referencias bibliograficas | ||
| 650 |
_aeducación de adultos _92116 |
||
| 650 |
_aadultos-psicologia _97059 |
||
| 700 |
_aKuhlen, Raymond G _97324 |
||
| 942 | _cBK | ||
| 999 |
_c21291 _d21291 |
||